Legoland Rides - Statistics

General Stats
  • This quiz has been taken 20 times
  • The average score is 3 of 8
Answer Stats
Section Answer % Correct
Castle The Dragon
92%
City Ford Driving School
69%
City Boating School
31%
City Flying School
23%
Technic Project X
23%
Adventures Beetle Bounce
15%
Castle Merlins Challenge
15%
Adventures Coastersaurus
8%
No matching quizzes found
Score Distribution
Percent of People with Each Score
Percentile by Number Answered
Your Score History
You have not taken this quiz